000 00790nam a2200205 a 4500
003 0
005 20250421083340.0
008 970101s19uu xx 00 eng d
050 _aPGS BF 637.B85
_b.An534 2004
100 _aAnasco, Jenelle Carla A.
245 _aAwareness of grade six students of SISC on the effects of bullying and measures to take to prevent it /
_cJenelle Carla A. Anasco.
260 _aLas PiƱas City, Philippines :
_bSouthville International School and Colleges,
_c2004.
300 _a18 pages :
_billustrations ;
_c28 cm.
504 _aIncludes bibliographic references.
650 _aBullying in schools.
650 _aBullying
_vPsychological aspects.
650 _aBullying
_vPrevention.
650 _aGrade school children
_vAwareness.
942 _2lcc
_cPASS
999 _c96949
_d96949